| 000 | 00591cam a2200205ua 4500 | ||
|---|---|---|---|
| 005 | 20201218124229.0 | ||
| 008 | 161012n ii |||gr||||Z||||||asm | ||
| 040 |
_cMAIN _aIN-DiNC |
||
| 041 | _dasm | ||
| 082 |
_a920 _bGOG |
||
| 100 |
_aGogoi, Tarun _eauthor |
||
| 245 |
_aBarnamay jatra : _bekhon notun Asom gorhar path parikrama / _cBy Tarun Gogoi . |
||
| 250 | _a1st ed. | ||
| 260 |
_aGuwahati: _bEclectic publications, _c2016. |
||
| 300 | _a210p. | ||
| 650 | _aAutobiography of Tarun Gogoi | ||
| 653 | _aBiography, genealogy & insignia | ||
| 653 | _aAutobiography | ||
| 942 |
_cBK _2ddc |
||
| 999 |
_c8926 _d8926 |
||